000 00654nam a2200217 a 4500
001 10553
003 CO-ViMGA
008 141112s2004 ck r 000 u spa d
040 _aCO-ViMGA
_bspa
_cCO-ViMGA
082 0 4 _aFr986.1 R67c
100 1 _aRosas Torres ; Pedro,
_914252
245 1 0 _aColombia :
_bHerencias y Raices
260 _aVillavicencio :
_bEditorial Siglo XX,
_c1995
300 _a241p. : il.
650 1 4 _aCOLOMBIA - DESCUBRIMIENTO Y EXPLORACIONES
_914253
650 1 4 _aCOLOMBIA - GEOGRAFIA
_914254
650 1 4 _aCOLOMBIA - HISTORIA
_914255
650 1 4 _aCOLOMBIA - PolĂ­tica Y GOBIERNO
650 1 4 _aFONDO REGIONAL
942 _2ddc
_cBK
999 _c21868
_d21868